Building IT 2005: a multi-media presentation of experts` views on information technology in the construction industry to the year 2005. (Full report) (Record no. 93480)

MARC details
000 -LEADER
fixed length control field 01147cam a2200265 4500
001 - CONTROL NUMBER
control field J3337
008 - FIXED-LENGTH DATA ELEMENTS--GENERAL INFORMATION
fixed length control field 090401t1995 xxu||||| |||| 00| 0 eng d
035 ## - SYSTEM CONTROL NUMBER
System control number (Sirsi) u54492
041 ## - LANGUAGE CODE
Language code of text/sound track or separate title eng
050 ## - LIBRARY OF CONGRESS CALL NUMBER
Classification number 690.0285
110 ## - MAIN ENTRY--CORPORATE NAME
Corporate name or jurisdiction name as entry element Construction IT Forum
9 (RLIN) 1424
245 ## - TITLE STATEMENT
Title Building IT 2005: a multi-media presentation of experts` views on information technology in the construction industry to the year 2005. (Full report)
260 ## - PUBLICATION, DISTRIBUTION, ETC.
Place of publication, distribution, etc. Cambridge
Name of publisher, distributor, etc. CRC Ltd.
Date of publication, distribution, etc. 1995
300 ## - PHYSICAL DESCRIPTION
Extent ca.100 leaves ; 30cm.
350 ## - PRICE (NR) (BK AM CF MU VM SE) [OBSOLETE]
Price 50
520 ## - SUMMARY, ETC.
Summary, etc. Textual reproduction of a multimedia version available on CD-ROM, which can be obtained from the Construction Industry Computing Association. The Construction IT Forum is sponsored by representative bodies including the DoE, the Construction Industry Council and the CICA, which provides the Forum secretariat.
650 ## - SUBJECT ADDED ENTRY--TOPICAL TERM
Topical term or geographic name entry element BUILDING IT 2005
650 ## - SUBJECT ADDED ENTRY--TOPICAL TERM
Topical term or geographic name entry element COMPUTERS
650 ## - SUBJECT ADDED ENTRY--TOPICAL TERM
Topical term or geographic name entry element CONSTRUCTION INDUSTRY
650 ## - SUBJECT ADDED ENTRY--TOPICAL TERM
Topical term or geographic name entry element MANAGEMENT-BUSINESS MANAGEMENT-INFORMATION MANAGEMENT
650 ## - SUBJECT ADDED ENTRY--TOPICAL TERM
Topical term or geographic name entry element MULTIMEDIA
690 ## - LOCAL SUBJECT ADDED ENTRY--TOPICAL TERM (OCLC, RLIN)
Topical term or geographic name as entry element MANAGEMENT-BUSINESS MANAGEMENT-INFORMATION MANAGEMENT
942 ## - ADDED ENTRY ELEMENTS (KOHA)
Suppress in OPAC 0
948 ## - LOCAL PROCESSING INFORMATION (OCLC); SERIES PART DESIGNATOR (RLIN)
c (OCLC) 04/03/1997
Holdings
Withdrawn status Lost status Source of classification or shelving scheme Damaged status Not for loan Home library Current library Shelving location Date acquired Cost, normal purchase price Total Checkouts Full call number Barcode Date last seen Date last checked out Copy number Cost, replacement price Price effective from Koha item type
    Dewey Decimal Classification     London London Basement 06/08/1997 50.00 12 BASEMENT 30053708 06/08/2019 09/01/2002 1 50.00 06/08/2019 Book